Способы утилизации попутного нефтяного газа при эксплуатации нефтегазопроводов; Горный информационно-аналитический бюллетень. Отдельный выпуск; № 3 : Горное машиностроение
| Parent link: | Горный информационно-аналитический бюллетень. Отдельный выпуск: научно-технический журнал.— , 2005- № 3 : Горное машиностроение.— 2012.— [С. 421-425] |
|---|---|
| Autor principal: | |
| Otros Autores: | |
| Sumario: | Заглавие с экрана Рассмотрены наиболее распространенные способы утилизации попутного нефтяного газа, проведен их краткий анализ и выбран наиболее подходящий метод, для которого предложены пути повышения эффективности. Режим доступа: по договору с организацией-держателем ресурса |
| Lenguaje: | ruso |
| Publicado: |
2012
|
| Materias: | |
| Acceso en línea: | http://elibrary.ru/item.asp?id=21559860 |
| Formato: | Electrónico Capítulo de libro |
| KOHA link: | https://koha.lib.tpu.ru/cgi-bin/koha/opac-detail.pl?biblionumber=642553 |
MARC
| LEADER | 00000nla0a2200000 4500 | ||
|---|---|---|---|
| 001 | 642553 | ||
| 005 | 20250205155316.0 | ||
| 035 | |a (RuTPU)RU\TPU\network\7510 | ||
| 090 | |a 642553 | ||
| 100 | |a 20150626d2012 k||y0rusy50 ca | ||
| 101 | 0 | |a rus | |
| 102 | |a RU | ||
| 135 | |a drcn ---uucaa | ||
| 181 | 0 | |a i | |
| 182 | 0 | |a b | |
| 200 | 1 | |a Способы утилизации попутного нефтяного газа при эксплуатации нефтегазопроводов |f Н. В. Чухарева, К. Ю. Афанасьев | |
| 203 | |a Текст |c электронный | ||
| 300 | |a Заглавие с экрана | ||
| 320 | |a [Библиогр.: 9 назв.] | ||
| 330 | |a Рассмотрены наиболее распространенные способы утилизации попутного нефтяного газа, проведен их краткий анализ и выбран наиболее подходящий метод, для которого предложены пути повышения эффективности. | ||
| 333 | |a Режим доступа: по договору с организацией-держателем ресурса | ||
| 461 | |t Горный информационно-аналитический бюллетень. Отдельный выпуск |o научно-технический журнал |d 2005- | ||
| 463 | |t № 3 : Горное машиностроение |v [С. 421-425] |d 2012 | ||
| 610 | 1 | |a труды учёных ТПУ | |
| 610 | 1 | |a электронный ресурс | |
| 700 | 1 | |a Чухарева |b Н. В. |c специалист в области нефтегазового дела |c доцент Томского политехнического университета, кандидат химических наук |f 1967- |g Наталья Вячеславовна |3 (RuTPU)RU\TPU\pers\26133 |9 11962 | |
| 701 | 1 | |a Афанасьев |b К. Ю. | |
| 801 | 1 | |a RU |b 63413507 |c 20100524 | |
| 801 | 2 | |a RU |b 63413507 |c 20160229 |g RCR | |
| 856 | 4 | 0 | |u http://elibrary.ru/item.asp?id=21559860 |
| 942 | |c CF | ||